The land of milk and honey / (Record no. 7336)

MARC details
000 -LEADER
fixed length control field 00778cam a2200253 i 4500
001 - CONTROL NUMBER
control field 3195336
003 - CONTROL NUMBER IDENTIFIER
control field GBCCL
005 - DATE AND TIME OF LATEST TRANSACTION
control field 20241126110625.0
008 - FIXED-LENGTH DATA ELEMENTS--GENERAL INFORMATION
fixed length control field 780918s1977 maua 000 0aeng
010 ## -
-- 77081266
020 ## - INTERNATIONAL STANDARD BOOK NUMBER
Terms of availability $5.95
040 ## - CATALOGING SOURCE
Original cataloging agency DLC
Transcribing agency DLC
Modifying agency DLC
050 00 -
-- BV4935.B23
-- A34
082 00 - DEWEY DECIMAL CLASSIFICATION NUMBER
Classification number 248.246
-- B
Item number BAS
100 1# - MAIN ENTRY--PERSONAL NAME
Personal name Basansky, Bill.
9 (RLIN) 6566
245 14 - TITLE STATEMENT
Title The land of milk and honey /
Statement of responsibility, etc. Bill Basansky, with David Manuel.
260 ## - PUBLICATION, DISTRIBUTION, ETC.
Place of publication, distribution, etc. Orleans, Mass. :
Name of publisher, distributor, etc. Rock Harbor Press,
Date of publication, distribution, etc. c1977.
300 ## - PHYSICAL DESCRIPTION
Extent 205 p. :
Other physical details ill. ;
Dimensions 22 cm.
600 10 - SUBJECT ADDED ENTRY--PERSONAL NAME
Personal name Basansky, Bill.
9 (RLIN) 6566
650 #0 - SUBJECT ADDED ENTRY--TOPICAL TERM
Topical term or geographic name entry element Christian converts
Geographic subdivision United States
Form subdivision Biography.
9 (RLIN) 6558
700 1# - ADDED ENTRY--PERSONAL NAME
Personal name Manuel, David,
Relator term joint author.
9 (RLIN) 12982
906 ## - LOCAL DATA ELEMENT F, LDF (RLIN)
a 7
b cbc
c orignew
d 2
e opcn
f 19
g y-gencatlg
942 ## - ADDED ENTRY ELEMENTS (KOHA)
Source of classification or shelving scheme Dewey Decimal Classification
Koha item type Books
Holdings
Withdrawn status Lost status Source of classification or shelving scheme Damaged status Not for loan Home library Current Library Shelving location Date acquired Total checkouts Full call number Barcode Date last seen Copy number Price effective from Koha item type
    Dewey Decimal Classification     GRACE BIBLE COLLEGE GRACE BIBLE COLLEGE Ministry & Mission 2018-07-30   248.246 BAS 004444 2025-05-01 c.1 2018-07-30 Books
© Grace Bible College Library 2025